| 000 | 00554nam a22001937a 4500 | ||
|---|---|---|---|
| 003 | OSt | ||
| 005 | 20260610151405.0 | ||
| 008 | 260610b |||||||| |||| 00| 0 eng d | ||
| 020 | _a803968531 | ||
| 040 | _cChuka University Library | ||
| 050 | _aLB 3060.37 .G8 2000 | ||
| 100 |
_aGuskey Thomas R. _919920 |
||
| 245 | _aDeveloping Grading and Reporting Systems for Student Learning | ||
| 260 |
_aCalifornia _bCorwin Press _c2000 |
||
| 300 | _a222p | ||
| 650 |
_aGrading and Marking _928322 |
||
| 650 |
_aSchool Reports _928323 |
||
| 942 |
_2lcc _cBK _n0 |
||
| 999 |
_c23851 _d23851 |
||